000 004680000a22001690004500
003 MACL
005 20160112151414.0
008 160112b xxu||||| |||| 00| 0 eng d
040 _aMACL
_cMACL
041 _aEnglish
082 _a934/KAV
100 _aKaviraja, Gopi Natha
_923533
245 _aThe Princess of Wales Sarasvati bhavana Studies
_bvol 5
260 _bGovernment Sanskrit Library
_c1926
_aBenares
650 _aHistory
_931432
942 _cBK
_k934/KAV
_2ddc
999 _c36643
_d36643